| 000 | 01339cam a2200373 a 4500 | ||
|---|---|---|---|
| 001 | 12909352 | ||
| 003 | OSt | ||
| 005 | 20140310184240.0 | ||
| 008 | 020828s2003 nyu c 000 1 eng | ||
| 010 | _a 2002013385 | ||
| 020 | _a0060005866 | ||
| 020 | _a0439683564 | ||
| 040 |
_aDLC _cDLC _dDLC |
||
| 042 | _alcac | ||
| 050 | 0 | 0 |
_aPZ 7 _b.K56475Li 2004 |
| 100 | 1 |
_aKimmel, Elizabeth Cody. _925261 |
|
| 245 | 1 | 0 |
_aLily B. on the brink of cool / _cElizabeth Cody Kimmel. |
| 250 | _a1st ed. | ||
| 260 |
_aNew York : _bScholastic, _cc2004. |
||
| 300 |
_a245p. ; _c22 cm. |
||
| 521 | _aG6 | ||
| 526 | _c880 | ||
| 650 | 1 |
_aAuthorship _vFiction. _925262 |
|
| 650 | 1 |
_aFamily life _vFiction. _925263 |
|
| 650 | 1 |
_aSwindlers and swindling _vFiction. _925264 |
|
| 650 | 1 |
_aFriendship _vFiction. _925265 |
|
| 650 | 1 |
_aDiaries _vFiction. _925266 |
|
| 856 | 4 | 2 |
_3Publisher description _uhttp://www.loc.gov/catdir/description/hc043/2002013385.html |
| 856 | 4 | 2 |
_3Contributor biographical information _uhttp://www.loc.gov/catdir/enhancements/fy0911/2002013385-b.html |
| 906 |
_a7 _bcbc _corignew _d1 _eecip _f20 _gy-gencatlg |
||
| 942 |
_2lcc _cBK-SCHOLAS |
||
| 999 |
_c33248 _d33248 |
||